03129nam a2200445 i 4500001001000000003000900010005001700019007000300036008004100039020001800080040003000098041000800128082002400136100005900160245014200219264007000361300005500431336002800486337003300514338002800547500002100575500003200596500006300628504003800691505099300729590002601722650002401748650005601772650003201828650002101860700004601881910003901927942001401966952014101980952014102121952014102262952013002403952013502533999001502668000003350DO-SdBNP20250908150613.0ta090708s2009 dr ad 000 0 spa d a9789945162646 aDO-SdBNPbspacBNPHUerda aspa 4a370.7293bG861t2221 aGrimaldi Silié, Eleanor, d1948-eautor4aut.98571310aTemas pedagógicos de ayer y de hoy :bfundamentos para la práctica educativa /cEleanor Grimaldi Silié ; prólogo Lidia Joaquín. aSanto Domingo, República Dominicana : bEditora Búho,c2009. a167 páginas :bilustraciones diagrama. ;c24 cm. ardacontyentbtexto2txt ardamediabsin mediación2n ardacarrierbvolumen2nc aIncluye índice aIncluye índice de nombres aIncluye datos biográficos del autor en la contracubierta aBibliografía: páginas 163-164 aPrólogo página, 13 / Introducción, 17 / La educación y su influencia, 19 / Educación formal y educación no formal, 37 / Inicio de los sistemas educacionales, 41 / Evolución de la educación a partir de la Edad Media, 49 / La educación socialista, 57 / La educación en nuestro suelo a partir de la sociedad taína, 61 / Pinceladas sobre la educación dominicana, 67 / Educación y literatura infantil, 81 / La educación especial y su importancia, 83 / Estudio y educación, 85 / La educación física. Educación del intelecto Educación e inteligencia emocional, 87 / Sensibilidad y estética - valores educativos, 95 / Algunos retos para la educación dominicana, 99 / La pedagogía y sus vertientes. La didáctica. Enseñar y aprender, 111 / El maestro y la vocación, 117 / Los medios para la enseñanza-aprendizaje, 121 / Otros temas pedagógicos, 123 / Educadores paradigmáticos-representantes de la pedagogía, 129 / Índice de nombres, 165. aInventariado, 2018/LP 0aEducación 951588 0aEducación y estadozRepública Dominicana951256 4aDesarrollo educativo910501 7aPedagogía96931 aJoaquín, Lidiaeprologuista9105024pr. aValidado. Control de calidad BNPHU 2ddccLBS1 00102ddc52708DSaBNPHUbBNPHUcHDd2009-07-08l0oBNPHU DS 370 G861tp3350-30r2020-06-25te.3w2020-06-25yLBS1ZPréstamo interno 00102ddc51708DSaBNPHUbBNPHUcHDd2009-09-01l0oBNPHU DS 370 G861tp3350-40r2020-06-25te.4w2020-06-25yLBS1ZPréstamo interno 00102ddc52708DSaBNPHUbBNPHUcHDd2009-09-01l0oBNPHU DS 370 G861tp3350-50r2020-06-25te.5w2020-06-25yLBS1ZPréstamo interno 00102ddc51708PDaBNPHUbBNPHUcHDd2009-07-08l0oBNPHU PD 370 G861tp3350-10r2020-06-25w2020-06-25yLBS1ZNo se presta 00102ddc51708PDaBNPHUbBNPHUcHDd2009-07-08l0oBNPHU PD 370 G861tp3350-20r2020-06-25te.2w2020-06-25yLBS1ZNo se presta c3181d3181